| 000 | 00413nam a22001577a 4500 | ||
|---|---|---|---|
| 020 | _a9788126541386 | ||
| 040 | _cNUST | ||
| 082 | _a621.3192 IRW | ||
| 100 |
_aIrwin, J. David, _915005 |
||
| 110 |
_aNelms, R. M. _9109576 |
||
| 245 | _aEngineering Circuit Analysis | ||
| 250 | _a10TH Edition | ||
| 260 |
_aNEW DELHI: _bJOHN WILEY& SONS, _c2015. |
||
| 650 |
_aElectric Circuit Analysis _92075 |
||
| 942 |
_2ddc _cBK |
||
| 999 |
_c593436 _d593436 |
||